[Event "IV Festival Costa Viola A"]
[Site "Sant'Eufemia d'Aspromonte ITA"]
[Date "2011.01.03"]
[Round "3"]
[White "Pinton, Maurizio"]
[Black "Cordi', Domenico"]
[Result "1-0"]
[WhiteElo "2029"]
[BlackElo "2053"]
[PlyCount "79"]
[EventDate "2011.01.02"]

1. f4 d5 2. b3 c5 3. e3 Nc6 4. Bb2 Nf6 5. Nf3 Bg4 6. Be2 e6 7. O-O Bd6 8. Qe1
Qe7 9. Ne5 Bxe2 10. Qxe2 O-O 11. d3 Nd7 12. Nxc6 bxc6 13. e4 f6 14. Nd2 e5 15.
f5 a5 16. a4 Rfb8 17. Rf3 Qf7 18. Rg3 Bc7 19. Rf1 Bb6 20. Kh1 Rb7 21. Qg4 Nb8
22. Rh3 Kh8 23. Rff3 Na6 24. Qh4 Qg8 25. Qg4 Nb4 26. c3 Na6 27. Rh5 Ba7 28.
Rfh3 c4 29. Qg6 h6 30. dxc4 Rf8 31. exd5 Nc5 32. Ba3 Rff7 33. dxc6 Rbc7 34. b4
Qd8 35. Nf1 Nb3 36. b5 Qd1 37. Rxh6+ gxh6 38. Rxh6+ Rh7 39. Qe8+ Kg7 40. Rg6#
1-0

[Event "IV Festival Costa Viola A"]
[Site "Sant'Eufemia d'Aspromonte ITA"]
[Date "2011.01.03"]
[Round "3"]
[White "Furnari, Franco"]
[Black "Pisacane, Pietro"]
[Result "1-0"]
[WhiteElo "1942"]
[BlackElo "1920"]
[PlyCount "141"]
[EventDate "2011.01.02"]

1. e4 e6 2. d4 d5 3. e5 c5 4. c3 Qb6 5. Nf3 Nc6 6. Bd3 cxd4 7. cxd4 Bd7 8. Bc2
Nb4 9. a3 Nxc2+ 10. Qxc2 Bb5 11. Nc3 Bc4 12. Be3 Ne7 13. Nd2 Ba6 14. Qa4+ Nc6
15. b4 Bd3 16. Nb3 Rc8 17. Kd2 Bc4 18. Na5 Ba6 19. Rab1 Be7 20. Rhc1 O-O 21.
Nb3 Bc4 22. Nc5 Qc7 23. Nb5 Qb6 24. Nc3 Qc7 25. Nb5 Qb6 26. Rxc4 dxc4 27. Nd7
Qd8 28. Nxf8 a6 29. Nxe6 fxe6 30. Nc3 Nxd4 31. Ke1 Nf5 32. Rd1 Qc7 33. Qd7 Qxd7
34. Rxd7 Nxe3 35. fxe3 Bg5 36. Ke2 Rd8 37. Rxd8+ Bxd8 38. Ne4 b6 39. Nd6 b5 40.
a4 Bc7 41. axb5 axb5 42. Nxb5 Bxe5 43. Kd2 Kf7 44. h3 Ke7 45. Na3 c3+ 46. Kd3
Kd7 47. Nb5 c2 48. Kxc2 Kc6 49. Nc3 Bh2 50. Kd3 Kd6 51. Kc4 Ke5 52. b5 Bg1 53.
Kd3 Bh2 54. b6 Kd6 55. Ke4 Kc6 56. Ne2 Bb8 57. Nd4+ Kd6 58. b7 Kd7 59. Nf3 h6
60. g4 Kc6 61. Nd4+ Kd6 62. h4 g6 63. Nf3 Kc6 64. Ne5+ Kxb7 65. Nxg6 Kc8 66.
Nf8 Bg3 67. g5 hxg5 68. hxg5 Bh4 69. g6 Bf6 70. Nxe6 Kd7 71. g7 1-0

[Event "IV Festival Costa Viola A"]
[Site "Sant'Eufemia d'Aspromonte ITA"]
[Date "2011.01.03"]
[Round "3"]
[White "Blasco, Domenico"]
[Black "Luvera', Filippo"]
[Result "1/2-1/2"]
[WhiteElo "1923"]
[BlackElo "1930"]
[PlyCount "72"]
[EventDate "2011.01.02"]

1. d4 Nf6 2. Nf3 e6 3. e3 b6 4. Nbd2 Bb7 5. Bd3 Be7 6. O-O O-O 7. b3 d6 8. Bb2
Nbd7 9. c4 c5 10. Qe2 Re8 11. Rfd1 Qc7 12. Rac1 a5 13. Bb1 Bf8 14. Nf1 Be4 15.
Bxe4 Nxe4 16. a4 g6 17. Qc2 Nef6 18. N1d2 Bg7 19. Nb1 Nb8 20. Nc3 Nc6 21. Nb5
Qe7 22. Qb1 Na7 23. Nxa7 Rxa7 24. Rd3 Rd8 25. Rcd1 Rad7 26. Qa1 Ne4 27. Ne1
cxd4 28. exd4 d5 29. f3 dxc4 30. bxc4 Nd6 31. Qa2 Nf5 32. Nc2 Qh4 33. Qa1 Qg5
34. Bc1 Qf6 35. Bb2 Qg5 36. Bc1 Qf6 1/2-1/2

[Event "IV Festival Costa Viola A"]
[Site "Sant'Eufemia d'Aspromonte ITA"]
[Date "2011.01.03"]
[Round "3"]
[White "Carbone, Stefano"]
[Black "Balzano, Filli"]
[Result "1/2-1/2"]
[WhiteElo "1905"]
[BlackElo "1803"]
[PlyCount "120"]
[EventDate "2011.01.02"]

1. c4 c6 2. Nf3 d5 3. b3 Nf6 4. Bb2 Bf5 5. g3 e6 6. Bg2 Nbd7 7. O-O h6 8. d3
Bc5 9. Nbd2 O-O 10. a3 a5 11. d4 Bd6 12. c5 Bc7 13. b4 axb4 14. axb4 Re8 15.
Ne5 Ng4 16. Nxg4 Bxg4 17. f4 Rxa1 18. Bxa1 Qa8 19. h3 Bf5 20. Bc3 Qa3 21. Qb3
Qxb3 22. Nxb3 Ra8 23. Na5 Ra7 24. Ra1 Be4 25. Bf1 Nf6 26. e3 Bg6 27. Nb3 Rxa1
28. Nxa1 Ne4 29. Be1 f6 30. Nb3 Be8 31. Kg2 Kf7 32. Kf3 Ke7 33. g4 g6 34. Na1
Kf7 35. Nc2 Ke7 36. Na3 Kd8 37. h4 Kc8 38. Bd3 f5 39. Bxe4 dxe4+ 40. Kg3 h5 41.
gxh5 gxh5 42. Kg2 Kb8 43. Kf1 Ka7 44. Ke2 Ka6 45. Kd1 Ka7 46. Kc2 Ka6 47. Kb3
Ka7 48. Kc4 Ka6 49. Bd2 Bd7 50. Nb1 Be8 51. Nc3 Bd7 52. Nd1 Be8 53. Be1 Bd8 54.
Bg3 Bd7 55. Nb2 Bc7 56. Nd1 Be8 57. Nf2 Bd8 58. Nh3 Bf7 59. Ng5 Bg8 60. Be1 Be7
1/2-1/2

[Event "IV Festival Costa Viola A"]
[Site "Sant'Eufemia d'Aspromonte ITA"]
[Date "2011.01.03"]
[Round "4"]
[White "Scerbo, Antonio"]
[Black "Georgiev, Vladimir"]
[Result "0-1"]
[WhiteElo "2123"]
[BlackElo "2579"]
[PlyCount "78"]
[EventDate "2011.01.02"]

1. d4 d6 2. c4 e5 3. dxe5 dxe5 4. Qxd8+ Kxd8 5. Nc3 Be6 6. Nf3 f6 7. e4 Nd7 8.
Be3 Bc5 9. Bxc5 Nxc5 10. O-O-O+ Kc8 11. Be2 a5 12. Nd2 Ne7 13. Nb3 Nxb3+ 14.
axb3 Nc6 15. Nb5 a4 16. Kc2 axb3+ 17. Kxb3 b6 18. Kc3 Kb7 19. Rd2 Rhd8 20. Rxd8
Nxd8 21. Rd1 Nf7 22. b4 Ng5 23. f3 Ra2 24. Rd2 Ra1 25. Rd1 Ra4 26. Kb3 Ra8 27.
Kc3 Nf7 28. h4 Nd8 29. c5 bxc5 30. bxc5 Kc6 31. Kb4 Kb7 32. Kc3 Ra2 33. Bc4
Bxc4 34. Kxc4 Ne6 35. Rd7 Rxg2 36. Re7 Rc2+ 37. Kb4 Nxc5 38. Rxc7+ Kb6 39. Rxg7
Rb2+ 0-1

[Event "IV Festival Costa Viola A"]
[Site "Sant'Eufemia d'Aspromonte ITA"]
[Date "2011.01.03"]
[Round "4"]
[White "Petkov, Vladimir"]
[Black "Drasko, Milan"]
[Result "1/2-1/2"]
[WhiteElo "2506"]
[BlackElo "2486"]
[PlyCount "22"]
[EventDate "2011.01.02"]

1. Nf3 Nf6 2. c4 e6 3. Nc3 Bb4 4. Qb3 a5 5. a3 Bxc3 6. Qxc3 O-O 7. b3 d6 8. Bb2
Re8 9. g3 e5 10. Bg2 c5 11. O-O Nc6 1/2-1/2

[Event "IV Festival Costa Viola A"]
[Site "Sant'Eufemia d'Aspromonte ITA"]
[Date "2011.01.03"]
[Round "4"]
[White "Collutiis, Duilio"]
[Black "Kizov, Atanas"]
[Result "1/2-1/2"]
[WhiteElo "2463"]
[BlackElo "2392"]
[PlyCount "39"]
[EventDate "2011.01.02"]

1. e4 e5 2. Nf3 Nc6 3. Bb5 Nf6 4. d3 Ne7 5. O-O Ng6 6. c3 c6 7. Ba4 Be7 8. Re1
O-O 9. Bc2 Re8 10. d4 d6 11. Nbd2 Bf8 12. Nf1 h6 13. Ng3 Be6 14. h3 Qc7 15. Be3
Rad8 16. Qc1 c5 17. Ba4 Bd7 18. Bxd7 Rxd7 19. dxc5 dxc5 20. Qc2 1/2-1/2

[Event "IV Festival Costa Viola A"]
[Site "Sant'Eufemia d'Aspromonte ITA"]
[Date "2011.01.03"]
[Round "4"]
[White "Marholev, Dimitar"]
[Black "Rombaldoni, Axel"]
[Result "1-0"]
[WhiteElo "2401"]
[BlackElo "2453"]
[PlyCount "67"]
[EventDate "2011.01.02"]

1. e4 c5 2. Nc3 d6 3. f4 g6 4. Nf3 Bg7 5. Bb5+ Nc6 6. Bxc6+ bxc6 7. d3 Nh6 8.
O-O O-O 9. Qe1 c4 10. dxc4 Ba6 11. b3 d5 12. Be3 dxc4 13. b4 Qb8 14. Rb1 Ng4
15. e5 Nxe3 16. Qxe3 Qb6 17. Rfe1 f6 18. exf6 exf6 19. Na4 Qxe3+ 20. Rxe3 Bc8
21. Nc5 g5 22. Rc3 a5 23. a3 axb4 24. axb4 g4 25. Nd4 f5 26. Rxc4 Rf6 27. Ncb3
Rd6 28. c3 Ba6 29. Ra1 Bxc4 30. Rxa8+ Kf7 31. Ra7+ Kf8 32. Rxg7 Rxd4 33. Nxd4
Kxg7 34. Nxc6 1-0

[Event "IV Festival Costa Viola A"]
[Site "Sant'Eufemia d'Aspromonte ITA"]
[Date "2011.01.03"]
[Round "4"]
[White "Dragojlovic, Andjelko"]
[Black "Gangemi, Salvatore"]
[Result "1-0"]
[WhiteElo "2383"]
[BlackElo "2096"]
[PlyCount "25"]
[EventDate "2011.01.02"]

1. e4 e6 2. d4 d5 3. Nc3 Bb4 4. Qd3 dxe4 5. Qxe4 Nf6 6. Qh4 c5 7. dxc5 Bxc5 8.
Bd2 a6 9. O-O-O Bd7 10. Bd3 Nc6 11. Nf3 Nb4 12. Bg5 Qb6 13. Bxf6 1-0

[Event "IV Festival Costa Viola A"]
[Site "Sant'Eufemia d'Aspromonte ITA"]
[Date "2011.01.03"]
[Round "4"]
[White "Martorelli, Antonio"]
[Black "Furnari, Franco"]
[Result "1-0"]
[WhiteElo "2242"]
[BlackElo "1942"]
[PlyCount "59"]
[EventDate "2011.01.02"]

1. e4 e5 2. Nf3 Nc6 3. d4 exd4 4. c3 d6 5. cxd4 Bg4 6. Be2 Nf6 7. O-O Be7 8. d5
Bxf3 9. Bxf3 Ne5 10. Be2 Nxe4 11. Qa4+ c6 12. Qxe4 O-O 13. Nc3 Qc7 14. b3 Rfe8
15. Bb2 Bf6 16. Rfe1 Re7 17. Qf5 Rae8 18. dxc6 bxc6 19. Rac1 Ng6 20. Kf1 d5 21.
Nxd5 Qxh2 22. Qh3 Qxh3 23. Nxf6+ gxf6 24. gxh3 Nf4 25. Bg4 Nd3 26. Rxe7 Rxe7
27. Bxf6 Nxc1 28. Bxe7 Nxa2 29. Bf3 Nc1 30. b4 1-0

[Event "IV Festival Costa Viola A"]
[Site "Sant'Eufemia d'Aspromonte ITA"]
[Date "2011.01.03"]
[Round "4"]
[White "Panarello, Giuseppe"]
[Black "Pinton, Maurizio"]
[Result "1/2-1/2"]
[WhiteElo "1971"]
[BlackElo "2029"]
[PlyCount "39"]
[EventDate "2011.01.02"]

1. e4 Nc6 2. Nc3 e6 3. Bc4 a6 4. a3 Bc5 5. d3 b5 6. Ba2 Bb7 7. Nf3 Nge7 8. O-O
O-O 9. d4 Bb6 10. Be3 Na5 11. Qe2 f5 12. Bg5 fxe4 13. Nxe4 Qe8 14. Bxe7 Qxe7
15. c3 Rf4 16. Nfd2 Raf8 17. f3 Kh8 18. b4 Nc6 19. Kh1 Rh4 20. Qe3 1/2-1/2

[Event "IV Festival Costa Viola A"]
[Site "Sant'Eufemia d'Aspromonte ITA"]
[Date "2011.01.03"]
[Round "4"]
[White "Rotunno, Giuseppe"]
[Black "Blasco, Domenico"]
[Result "1-0"]
[WhiteElo "2062"]
[BlackElo "1923"]
[PlyCount "109"]
[EventDate "2011.01.02"]

1. d4 g6 2. b3 Bg7 3. Bb2 c5 4. Nf3 Nc6 5. e3 Nh6 6. h3 O-O 7. Qc1 Qb6 8. d5
Bxb2 9. Qxb2 Nb4 10. c4 Qf6 11. Qxf6 exf6 12. Kd2 d6 13. g4 Bxg4 14. hxg4 Nxg4
15. a3 Nxf2 16. Rh4 g5 17. Rh2 Ne4+ 18. Kc1 Na6 19. Bd3 Rfe8 20. Nbd2 Ng3 21.
e4 h5 22. Kc2 h4 23. Rg1 Kf8 24. Nxh4 gxh4 25. Rxh4 Ke7 26. Rxg3 Nb8 27. Rg7
Nd7 28. Nf3 Rh8 29. Rhg4 Rh3 30. Nh4 Ne5 31. Nf5+ Kd7 32. Rg3 Rh2+ 33. Rg2 Rh3
34. R7g3 Rh7 35. Be2 Rah8 36. Ne3 Ng6 37. Bg4+ Kc7 38. Bf5 Rh4 39. Bxg6 fxg6
40. Rxg6 Rxe4 41. Rg7+ Kb6 42. Nf5 Rh3 43. R7g3 Rh1 44. Nxd6 Ree1 45. Rg7 Rhf1
46. Rxb7+ Ka6 47. b4 cxb4 48. axb4 f5 49. Kc3 Rc1+ 50. Kd4 Rf4+ 51. Ke5 Re4+
52. Kxf5 Rf1+ 53. Kxe4 Rf4+ 54. Ke5 Re4+ 55. Nxe4 1-0

[Event "IV Festival Costa Viola A"]
[Site "Sant'Eufemia d'Aspromonte ITA"]
[Date "2011.01.03"]
[Round "4"]
[White "Luvera', Filippo"]
[Black "Gregori, Giacomo"]
[Result "0-1"]
[WhiteElo "1930"]
[BlackElo "1948"]
[PlyCount "98"]
[EventDate "2011.01.02"]

1. e4 d6 2. d4 Nf6 3. Nc3 c6 4. Nf3 Bg4 5. a4 Qc7 6. Be2 e5 7. Be3 Be7 8. O-O
O-O 9. Qd3 a5 10. Na2 Na6 11. c3 h6 12. b4 exd4 13. Nxd4 Bxe2 14. Nxe2 axb4 15.
Nxb4 Nc5 16. Bxc5 dxc5 17. Nc2 Rfd8 18. Qc4 Ng4 19. Ng3 Rd2 20. Ne3 Ne5 21. Qb3
Rad8 22. Rad1 c4 23. Qb1 Bc5 24. Ngf5 Kh7 25. Nd4 Rd3 26. Rxd3 Nxd3 27. Nxc4
Bxd4 28. cxd4 Rxd4 29. Qb3 Nc5 30. Qc3 Rxe4 31. Qc2 g6 32. f3 Re7 33. Rd1 Qf4
34. a5 Qh4 35. g3 Qf6 36. Kg2 Ne6 37. Rd2 Nd4 38. Qd3 c5 39. Ne3 Qxf3+ 40. Kh3
Rxe3 41. Qc4 Qf5+ 42. Kg2 Qe4+ 43. Kh3 Qe6+ 44. Qxe6 Rxe6 45. Rb2 Re7 46. Rb6
c4 47. a6 bxa6 48. Rxa6 c3 49. Ra4 c2 0-1

[Event "IV Festival Costa Viola A"]
[Site "Sant'Eufemia d'Aspromonte ITA"]
[Date "2011.01.03"]
[Round "4"]
[White "Cordi', Domenico"]
[Black "Carbone, Stefano"]
[Result "1/2-1/2"]
[WhiteElo "2053"]
[BlackElo "1905"]
[PlyCount "93"]
[EventDate "2011.01.02"]

1. d4 Nf6 2. c4 g6 3. Nc3 Bg7 4. e4 d6 5. Nf3 O-O 6. Be2 c5 7. d5 e5 8. O-O h6
9. Rb1 Na6 10. a3 Ne8 11. Ne1 f5 12. f3 f4 13. Nd3 g5 14. b4 b6 15. a4 Nf6 16.
Bd2 h5 17. Be1 Rf7 18. g4 hxg4 19. fxg4 Nh7 20. h3 Nf8 21. Rb2 Ng6 22. Rf3 Bf6
23. Bf1 Rh7 24. b5 Nb8 25. Ra2 Nh4 26. Bxh4 Rxh4 27. Nf2 Qc7 28. Qa1 Bd8 29.
Nb1 Nd7 30. Rfa3 Nf6 31. a5 Rb8 32. axb6 axb6 33. Ra7 Bb7 34. Nd2 Rh8 35. Nf3
Nh7 36. Nd3 Bf6 37. Bg2 Nf8 38. Kf1 Ng6 39. Ke2 Rh7 40. Kd2 Qd8 41. Kc2 Kf8 42.
Kb3 Kg8 43. Bf1 Kf8 44. Rh2 Kg8 45. Rha2 Kf8 46. Qe1 Kg8 47. Qa1 1/2-1/2

[Event "IV Festival Costa Viola A"]
[Site "Sant'Eufemia d'Aspromonte ITA"]
[Date "2011.01.03"]
[Round "4"]
[White "Balzano, Filli"]
[Black "Pisacane, Pietro"]
[Result "1/2-1/2"]
[WhiteElo "1803"]
[BlackElo "1920"]
[PlyCount "112"]
[EventDate "2011.01.02"]

1. e4 e6 2. d4 d5 3. e5 c5 4. c3 Qb6 5. Nf3 Nc6 6. a3 Nh6 7. b4 cxd4 8. cxd4
Nf5 9. Bb2 Bd7 10. Be2 Be7 11. Qd2 h5 12. O-O f6 13. Rd1 fxe5 14. dxe5 h4 15.
Bd3 g6 16. Nc3 Nd8 17. Nxd5 exd5 18. e6 Ba4 19. Bxh8 Bxd1 20. Rxd1 Nxe6 21.
Bxf5 gxf5 22. Qxd5 Rd8 23. Qb3 Rxd1+ 24. Qxd1 h3 25. Be5 Qc6 26. gxh3 Qe4 27.
Bg3 f4 28. Bh4 Bxh4 29. Nxh4 Nd4 30. f3 Qe3+ 31. Kf1 Nb3 32. Qe2 Nd2+ 33. Ke1
Qxe2+ 34. Kxe2 Nc4 35. a4 Nb6 36. Ng6 Nd5 37. Kd3 Kf7 38. Kd4 Nxb4 39. Nxf4
Nc2+ 40. Kc5 Ke7 41. Ng2 Na1 42. Kc4 Nc2 43. h4 Na3+ 44. Kd3 b5 45. Kc3 bxa4
46. Kb4 Nc2+ 47. Kxa4 Nd4 48. Ne1 Kf6 49. Kb4 Nf5 50. Ng2 Nd4 51. Ne1 Nf5 52.
h5 Kg5 53. Ka5 Kxh5 54. Ka6 Nh4 55. Kxa7 Kg5 56. Kb6 Kf4 1/2-1/2

[Event "IV Festival Costa Viola A"]
[Site "Sant'Eufemia d'Aspromonte ITA"]
[Date "2011.01.04"]
[Round "5"]
[White "Georgiev, Vladimir"]
[Black "Dragojlovic, Andjelko"]
[Result "1-0"]
[WhiteElo "2579"]
[BlackElo "2383"]
[PlyCount "43"]
[EventDate "2011.01.02"]

1. d4 g6 2. e4 Bg7 3. Nf3 d6 4. Bc4 c6 5. O-O Nf6 6. e5 Nd5 7. h3 O-O 8. Qe2 b5
9. Bxd5 cxd5 10. Re1 dxe5 11. Nxe5 a6 12. Nd2 e6 13. a4 b4 14. a5 Bd7 15. Nb3
Nc6 16. Bf4 Nxe5 17. Bxe5 Bb5 18. Qd2 Bxe5 19. Rxe5 Rb8 20. Nc5 b3 21. cxb3 Kg7
22. Rxe6 1-0

[Event "IV Festival Costa Viola A"]
[Site "Sant'Eufemia d'Aspromonte ITA"]
[Date "2011.01.04"]
[Round "5"]
[White "Drasko, Milan"]
[Black "Marholev, Dimitar"]
[Result "1/2-1/2"]
[WhiteElo "2486"]
[BlackElo "2401"]
[PlyCount "60"]
[EventDate "2011.01.02"]

1. Nf3 Nf6 2. g3 g6 3. Bg2 Bg7 4. O-O O-O 5. c4 c5 6. d4 cxd4 7. Nxd4 Nc6 8.
Nc3 Qb6 9. Nc2 d6 10. b3 Qa5 11. Bd2 Qh5 12. e4 Bg4 13. f3 Bd7 14. Rc1 Bh6 15.
Rf2 Bxd2 16. Qxd2 Rfc8 17. Ne3 Qa5 18. f4 Rab8 19. h3 Qh5 20. Ned5 Nxd5 21.
exd5 Nb4 22. g4 Qh4 23. Re1 Re8 24. Ne4 Na6 25. f5 Nc5 26. Nxc5 dxc5 27. Qe3 b6
28. Kh2 Qf6 29. fxg6 Qd6+ 30. Qg3 hxg6 1/2-1/2

[Event "IV Festival Costa Viola A"]
[Site "Sant'Eufemia d'Aspromonte ITA"]
[Date "2011.01.04"]
[Round "5"]
[White "Naumkin, Igor"]
[Black "Petkov, Vladimir"]
[Result "1/2-1/2"]
[WhiteElo "2499"]
[BlackElo "2506"]
[PlyCount "80"]
[EventDate "2011.01.02"]

1. d4 Nf6 2. c4 e6 3. Nf3 Bb4+ 4. Nbd2 O-O 5. g3 d5 6. Bg2 dxc4 7. O-O b5 8.
Ne5 Nd5 9. a4 c6 10. Ne4 f6 11. Nf3 Nd7 12. Qc2 Bb7 13. Nc3 a6 14. e4 Nc7 15.
Bf4 Rc8 16. Rad1 Qe8 17. b3 Nb6 18. Bh3 cxb3 19. Qxb3 Bxc3 20. Qxc3 Nxa4 21.
Qa5 Rf7 22. Rd2 Rd7 23. Re1 Qh5 24. Nh4 Qf7 25. Nf3 Ne8 26. d5 Re7 27. Bxe6
Rxe6 28. dxe6 Qxe6 29. Nd4 Qf7 30. Nf5 c5 31. Red1 Qe6 32. f3 c4 33. Qb4 Nc5
34. Be3 Nxe4 35. Ne7+ Kf7 36. fxe4 Qxe4 37. Nxc8 Qh1+ 38. Kf2 Qf3+ 39. Kg1 Qh1+
40. Kf2 Qf3+ 1/2-1/2

[Event "IV Festival Costa Viola A"]
[Site "Sant'Eufemia d'Aspromonte ITA"]
[Date "2011.01.04"]
[Round "5"]
[White "Kizov, Atanas"]
[Black "Scerbo, Antonio"]
[Result "1-0"]
[WhiteElo "2392"]
[BlackElo "2123"]
[PlyCount "65"]
[EventDate "2011.01.02"]

1. d4 Nf6 2. c4 g6 3. Nc3 Bg7 4. e4 d6 5. Nf3 O-O 6. h3 Na6 7. Bd3 e5 8. O-O
exd4 9. Nxd4 Nc5 10. Bc2 Re8 11. Re1 Ne6 12. Be3 Nh5 13. Qd2 c6 14. Nf3 Qa5 15.
a3 Bxc3 16. bxc3 Nf6 17. Qxd6 Qxc3 18. Rac1 Rd8 19. Qb4 Qxb4 20. axb4 a5 21.
bxa5 Re8 22. Ra1 Nd7 23. Nd2 f6 24. f4 Kf7 25. Nf3 Nec5 26. Bd2 b6 27. axb6
Rxa1 28. Rxa1 Nxb6 29. Be3 Nbd7 30. Nd2 Re7 31. Ra5 Ne6 32. c5 Nd8 33. Ra8 1-0

[Event "IV Festival Costa Viola A"]
[Site "Sant'Eufemia d'Aspromonte ITA"]
[Date "2011.01.04"]
[Round "5"]
[White "Rombaldoni, Axel"]
[Black "Martorelli, Antonio"]
[Result "1-0"]
[WhiteElo "2453"]
[BlackElo "2242"]
[PlyCount "69"]
[EventDate "2011.01.02"]

1. e4 e5 2. Nf3 Nc6 3. Bb5 Nf6 4. d4 exd4 5. e5 Ne4 6. O-O Be7 7. Re1 Nc5 8. c3
d3 9. b4 Ne6 10. Qxd3 a6 11. Bc4 d6 12. exd6 Qxd6 13. Qc2 Bf6 14. Nbd2 O-O 15.
Ne4 Qd8 16. Be3 Be7 17. Rad1 Qe8 18. h4 h6 19. a4 Kh8 20. Ng3 Bd7 21. Ba2 Bd6
22. Bb1 g6 23. Nf5 Ne5 24. Nxd6 Nxf3+ 25. gxf3 cxd6 26. Rxd6 Bxa4 27. Qd2 h5
28. Bd4+ Kh7 29. Bf6 Bc6 30. Re5 Bxf3 31. Qe3 Bg4 32. f3 Qa4 33. fxg4 Ng7 34.
Rdd5 Rfe8 35. Rxh5+ 1-0

[Event "IV Festival Costa Viola A"]
[Site "Sant'Eufemia d'Aspromonte ITA"]
[Date "2011.01.04"]
[Round "5"]
[White "Gangemi, Salvatore"]
[Black "Rotunno, Giuseppe"]
[Result "1/2-1/2"]
[WhiteElo "2096"]
[BlackElo "2062"]
[PlyCount "128"]
[EventDate "2011.01.02"]

1. c4 e5 2. g3 g6 3. Bg2 Bg7 4. Nc3 Ne7 5. d3 d6 6. Nf3 Nbc6 7. O-O O-O 8. e3
f5 9. Rb1 Kh8 10. a3 Be6 11. Qc2 d5 12. Ng5 Bg8 13. cxd5 Nxd5 14. Nxd5 Bxd5 15.
Bxd5 Qxd5 16. Qc4 Qxc4 17. dxc4 Rae8 18. Rd1 h6 19. Nf3 e4 20. Ne1 Rd8 21. Bd2
Ne5 22. Bb4 Rfe8 23. b3 Nc6 24. Ng2 a5 25. Be1 g5 26. Rd5 Rxd5 27. cxd5 Ne7 28.
Rd1 Rd8 29. d6 cxd6 30. Bxa5 Rd7 31. Bb4 Be5 32. Ne1 Nc6 33. f4 Nxb4 34. fxe5
Nc6 35. exd6 Kg7 36. b4 Kf6 37. Nc2 Ne5 38. Rd5 Nc4 39. Rc5 Ne5 40. Rd5 Nc4 41.
Rc5 Ne5 42. Kf1 Rxd6 43. Nd4 f4 44. gxf4 gxf4 45. exf4 Nd3 46. Nf5 Ra6 47. Rb5
Rxa3 48. Nxh6 Ra2 49. Ng4+ Ke7 50. Rxb7+ Ke6 51. Rb5 Ra1+ 52. Ke2 Nxf4+ 53. Kf2
Ra2+ 54. Kg3 Nd5 55. Rb8 Ra3+ 56. Kh4 e3 57. Re8+ Ne7 58. Kg3 Kd7 59. Nf6+ Kd6
60. Kf3 Nc6 61. Ng4 Nxb4 62. Nxe3 Nc2 63. Kf4 Nxe3 64. Rxe3 Rxe3 1/2-1/2

[Event "IV Festival Costa Viola A"]
[Site "Sant'Eufemia d'Aspromonte ITA"]
[Date "2011.01.04"]
[Round "5"]
[White "Pinton, Maurizio"]
[Black "Gregori, Giacomo"]
[Result "0-1"]
[WhiteElo "2029"]
[BlackElo "1948"]
[PlyCount "68"]
[EventDate "2011.01.02"]

1. d4 g6 2. e4 Bg7 3. Nc3 d6 4. Be3 c6 5. Qd2 b5 6. Bd3 Bb7 7. Nf3 Nd7 8. Ne2
a6 9. c3 h6 10. h3 Ngf6 11. e5 Nd5 12. e6 fxe6 13. Bxg6+ Kf8 14. O-O N7f6 15.
Rae1 Bc8 16. Nf4 Bd7 17. Bc2 Nxf4 18. Bxf4 Qc8 19. Re2 Ke8 20. Rfe1 Kd8 21. Nh4
Nd5 22. Ng6 Nxf4 23. Nxf4 Kc7 24. Nxe6+ Bxe6 25. Rxe6 Bf6 26. c4 bxc4 27. Rxe7+
Bxe7 28. Qa5+ Kb8 29. Rxe7 Ra7 30. Qb4+ Ka8 31. Qxd6 Rxe7 32. Qxe7 Re8 33. Qd6
Re1+ 34. Kh2 Qb8 0-1

[Event "IV Festival Costa Viola A"]
[Site "Sant'Eufemia d'Aspromonte ITA"]
[Date "2011.01.04"]
[Round "5"]
[White "Furnari, Franco"]
[Black "Panarello, Giuseppe"]
[Result "1/2-1/2"]
[WhiteElo "1942"]
[BlackElo "1971"]
[PlyCount "121"]
[EventDate "2011.01.02"]

1. e4 c5 2. Nf3 d6 3. d4 cxd4 4. Nxd4 Nf6 5. Nc3 a6 6. Bc4 e6 7. Bb3 b5 8. a3
Be7 9. Be3 O-O 10. Qe2 Bb7 11. f3 Nbd7 12. Bxe6 fxe6 13. Nxe6 Qc8 14. Nxf8 Bxf8
15. O-O d5 16. exd5 Nxd5 17. Nxd5 Bxd5 18. Rfd1 Bc4 19. Qd2 Nf6 20. Bd4 Bc5 21.
Bxc5 Qxc5+ 22. Qd4 Qxd4+ 23. Rxd4 Re8 24. b3 Bf7 25. Kf2 Rc8 26. Rd2 h6 27. a4
b4 28. a5 Rc6 29. Re1 Nd5 30. Red1 Rc5 31. Ra1 Kf8 32. h4 Ke7 33. g4 Kd7 34. f4
Rc3 35. h5 Kc6 36. Rad1 Rc5 37. f5 Rxa5 38. Rd3 Rc5 39. R1d2 a5 40. Kf3 Kc7 41.
Ke4 Nf6+ 42. Kf4 Bd5 43. Re3 Kd6 44. g5 hxg5+ 45. Kxg5 Ng8 46. Re6+ Kd7 47. Rg6
Ke8 48. Rxg7 Kf8 49. Rd7 Be6 50. Ra7 Rxf5+ 51. Kh4 Bf7 52. Rd8+ Kg7 53. Kg4
Nh6+ 54. Kg3 Rxh5 55. Kf3 Rc5 56. Rd2 Nf5 57. Rdd7 Nh6 58. Ke4 Rxc2 59. Rxa5
Rc3 60. Rb7 Rxb3 61. Rab5 1/2-1/2

[Event "IV Festival Costa Viola A"]
[Site "Sant'Eufemia d'Aspromonte ITA"]
[Date "2011.01.04"]
[Round "5"]
[White "Pisacane, Pietro"]
[Black "Cordi', Domenico"]
[Result "0-1"]
[WhiteElo "1920"]
[BlackElo "2053"]
[PlyCount "70"]
[EventDate "2011.01.02"]

1. d4 Nf6 2. c4 g6 3. Nc3 Bg7 4. e4 d6 5. Nf3 O-O 6. Be2 e5 7. O-O Nc6 8. d5
Ne7 9. b4 Nh5 10. c5 Nf4 11. Bc4 Kh8 12. Ne1 f5 13. f3 Ng8 14. Be3 h5 15. Nd3
Nxd3 16. Bxd3 Bh6 17. Bf2 Rf7 18. a4 f4 19. cxd6 cxd6 20. a5 g5 21. Be2 Nf6 22.
Qe1 Ne8 23. Rc1 g4 24. Bh4 Bg5 25. Bxg5 Qxg5 26. g3 gxf3 27. Rxf3 Bg4 28. Rf2
Bh3 29. Bf1 Bxf1 30. Qxf1 Nf6 31. Rg2 Ng4 32. Nd1 Raf8 33. gxf4 Rxf4 34. Nf2
Rxf2 35. Qxf2 Qxc1+ 0-1

[Event "IV Festival Costa Viola A"]
[Site "Sant'Eufemia d'Aspromonte ITA"]
[Date "2011.01.04"]
[Round "5"]
[White "Carbone, Stefano"]
[Black "Luvera', Filippo"]
[Result "1-0"]
[WhiteElo "1905"]
[BlackElo "1930"]
[PlyCount "85"]
[EventDate "2011.01.02"]

1. c4 c5 2. g3 Nc6 3. Bg2 Nf6 4. Nc3 g6 5. a3 Bg7 6. Rb1 Rb8 7. b4 cxb4 8. axb4
a6 9. b5 axb5 10. Nxb5 Ne5 11. d3 Neg4 12. h3 Nh6 13. Qa4 Qb6 14. Be3 Qd8 15.
Qa7 O-O 16. Bb6 Ra8 17. Bxd8 Rxa7 18. Bxe7 Ra2 19. Bxf8 Bxf8 20. Nc3 Ra3 21.
Ne4 Kg7 22. Nxf6 Kxf6 23. Nf3 Nf5 24. g4 Ng7 25. O-O Ne6 26. Ra1 Ra6 27. e3 Nc5
28. d4 Ne4 29. Rxa6+ bxa6 30. Rb1 Ke7 31. Ne5 f5 32. c5 Bg7 33. Nc4 d6 34. Bxe4
fxe4 35. Nxd6 Bd7 36. Rb7 Kd8 37. Ra7 Bf8 38. Rxa6 Bxd6 39. Rxd6 Kc7 40. Rf6
Kd8 41. Rf7 h5 42. gxh5 gxh5 43. Rxd7+ 1-0

[Event "IV Festival Costa Viola A"]
[Site "Sant'Eufemia d'Aspromonte ITA"]
[Date "2011.01.04"]
[Round "5"]
[White "Blasco, Domenico"]
[Black "Balzano, Filli"]
[Result "1-0"]
[WhiteElo "1923"]
[BlackElo "1803"]
[PlyCount "111"]
[EventDate "2011.01.02"]

1. d4 d5 2. Nf3 Nf6 3. e3 c5 4. dxc5 Qa5+ 5. Bd2 Qxc5 6. Nc3 Bf5 7. Nd4 Bg6 8.
Nb3 Qc8 9. Bd3 Nc6 10. O-O e6 11. Qe2 Bd6 12. e4 dxe4 13. Nxe4 Nxe4 14. Bxe4
Bxe4 15. Qxe4 O-O 16. Bc3 Qc7 17. h3 Be5 18. Bxe5 Qxe5 19. Qxe5 Nxe5 20. Rfd1
Rfd8 21. Nc5 b6 22. Ne4 Kf8 23. f4 Nc4 24. b3 Ne3 25. Rxd8+ Rxd8 26. c4 Rd4 27.
Ng5 h6 28. Nf3 Rxf4 29. Kf2 Nf5 30. Rc1 Re4 31. c5 bxc5 32. Rxc5 Nd4 33. Ra5
Re2+ 34. Kf1 Re4 35. Nxd4 Rxd4 36. Rxa7 Rd1+ 37. Ke2 Ra1 38. b4 Ke8 39. b5 Rb1
40. a4 e5 41. Ke3 Rb4 42. Kd3 e4+ 43. Ke3 g6 44. g3 Kf8 45. g4 Ke8 46. h4 h5
47. g5 Kf8 48. Rd7 Rxa4 49. b6 Rb4 50. b7 Kg7 51. Rc7 Rb6 52. Kxe4 Rb1 53. Kd5
Rd1+ 54. Kc6 Rc1+ 55. Kd7 Rd1+ 56. Kc8 1-0